000 00417 a2200157 4500
999 _c11369
_d11369
003 OSt
005 20230309120638.0
008 230309b ||||| |||| 00| 0 eng d
020 _a9789385880025
082 _2Indian edition
_a620.2
_bEVE
100 _a F. Alton Everest, Ken Pohlmann
245 _aMaster handbook of acoustics
260 _bMcGraw-Hill Education
_aNew Delhi
_c2015
300 _a615p.;
942 _2ddc